Game of Thrones - Who Dies This Way? - Statistics

General Stats
  • This quiz has been taken 141 times
  • The average score is 43 of 52
Answer Stats
Cause of Death Character % Correct
Jumped by suicide from the top of the Red Keep after the death of his wife Tommen Baratheon
93%
Poisoned with the Long Farewell by Ellaria Sand Myrcella Baratheon
92%
Killed by wights after holding the door to protect Brandon Stark and Meera Reed Hodor
91%
Crushed to death by the rubble of the Red Keep after trying to escape with Jaime Lannister Cersei Lannister
90%
Crushed to death by the rubble of the Red Keep after trying to escape with Cersei Lannister Jaime Lannister
90%
Smothered with a pillow by Daenerys Targaryen after being put in a coma by a witch Khal Drogo
90%
Beheaded for treason under the orders of Joffrey Baratheon Ned Stark
90%
Watched by Sansa Stark as he is devoured by his own hounds Ramsay Bolton
90%
Stabbed in the heart by Roose Bolton at the Red Wedding Robb Stark
90%
Poisoned by Lady Olenna Tyrell and Lord Petyr Baelish Joffrey Baratheon
89%
stabbed by mutineers in Castle Black - later resurrected Jon Snow
89%
Sacrificed himself to kill the Mountain by tackling him into a pit of fire Sandor Clegane / The Hound
89%
Shot with a crossbow while on toilet by Tyrion Lannister Tywin Lannister
89%
Has her throat slit after killing one of Walder Frey's wives at the Red Wedding Catelyn Stark
88%
Tackled by the Hound into a pit of fire during a fight to the death Gregor Clegane / The Mountain
88%
Killed in the blast orchestrated by his Sister's Mother in Law - Cersei Lannister Loras Tyrell
88%
Burned alive by Drogon on Daenerys orders for plotting treason against her Lord Varys
88%
Killed in the blast orchestrated by her Mother in Law - Cersei Lannister Margaery Tyrell
88%
Throat sliced open by Arya Stark under Sansa's orders Petyr Baelish
88%
Killed by a shadow with the face of Stannis Baratheon Renly Baratheon
88%
Mortally wounded by a boar after drinking too much wine Robert Baratheon
88%
Stabbed in the chest by his son Ramsay Bolton Roose Bolton
88%
Strangled with a chain by Tyrion Lannister Shae
88%
Beheaded by Brienne of Tarth for his role in killing Renly Baratheon Stannis Baratheon
88%
Given a crown of molten gold by Khal Drogo Viserys Targaryen
88%
Stabbed in the chest by Arya Stark with the Catspaw dagger - ending the great war Night King
87%
Has his skull crushed by the Mountain Oberyn Martell
87%
Stabbed in the heart by Jon Snow with a dagger Daenerys Targaryen
86%
Stabbed multiple times by Wights while protecting Daenerys Jorah Mormont
86%
Died of old age after the Battle of Winterfell, when she removed her red necklace Melisandre
86%
(Flashback) Stabbed in the back by Jaime Lannister The Mad King / Aerys Targaryen
85%
Commited suicide by drinking poison provided by Jaime Lannister Olenna Tyrell
84%
Shot through the back with an arrow by Ramsay Bolton, during the Battle of the Bastards Rickon Stark
84%
Thrown through the Moon Door by Lord Petyr Baelish (Littlefinger) Lysa Arryn
83%
Shot by Olly in the Battle of Castle Black Ygritte
83%
Shot in the heart with an arrow by Jon Snow in a mercy killing, after Melisandre attempted to burn him alive Mance Rayder
81%
Stabbed by the Night King after trying to protect Brandon Stark / The Three-Eyed Raven Theon Greyjoy
81%
This young girl was burned on a pyre as sacrifice by Melisandre (Ordered by the Lord of Light) Shireen Baratheon
79%
Beheaded by the Mountain on Cersei's orders Missandei
77%
After orchestrating her atonement he is killed in the blast orchestrated by Cersei Lannister The High Sparrow
77%
After saving Grey Worm from the Sons of the Harpy, he is killed by them Barristan Selmy
76%
Stabbed in the neck by Ramsay Bolton with a dagger, after she attempted to kill him Osha
76%
Stabbed in the abdomen by Jaime Lannister with a sword (After fighting for Cersei Lannister) Euron Greyjoy
75%
Stabbed in the stomach by Lothar Frey with a dagger at the Red Wedding Talisa Stark
73%
Killed in his cave by the Night King Three-Eyed Raven
73%
Betrayed and Killed by Rast at Craster's Keep Jeor Mormont
70%
Killed by Arya Stark in a Braavos brothel as revenge for killing Syrio Forel Meryn Trant
69%
Slashed by Sandor Clegane with a sword in a trial by combat - later resurrected by Thoros Beric Dondarrion
68%
Finally killed after being stabbed by numerous Wights Beric Dondarrion
68%
Mortally wounded by a Wight Giant with a club Lyanna Mormont
64%
Eaten alive by Ramsay's hounds Walda Bolton
48%
Died peacefully of old age at Castle Black Master Aemon
31%
No matching quizzes found
Score Distribution
Percent of People with Each Score
Percentile by Number Answered
Your Score History
You have not taken this quiz